| 000 | 01868nam2a2200361 4500 | ||
|---|---|---|---|
| 001 | rc\2897952 | ||
| 005 | 20260406102351.0 | ||
| 035 | _a(NLR Aleph) 007049511 | ||
| 090 |
_a13642847 _c13642847 |
||
| 100 | _a20110728d1930 u y0rusy50 ca | ||
| 101 | 1 |
_arus _ceng |
|
| 102 | _aRU | ||
| 105 | _ay z ||||| | ||
| 135 | _acrmn mmmanaba | ||
| 200 | 1 |
_aМистер Блетсворти на острове Рэмполь _fПер. с англ. С.Г. Займовского _gС предисл. А. Старчакова |
|
| 210 | _d1930 | ||
| 300 | _aНа обороте тит. л.: "H.G. Wells. Mr. Bletsworthy on Rample island". 1928 | ||
| 325 | _aКопия доступна в Электрон. б-ке РНБ | ||
| 461 | 0 |
_1001rc\2897942 _12001#$aПолное собрание фантастических романов$fГ. Дж. Уэллс$gПод ред. М. Зенкевича$vT. 13 _1700#1$aУэллс$bГ. Д.$gГерберт Джордж$f1866-1946$3RU\NLR\AUTH\7727483 _96176596 _aУэллс, Г. Д. (1866-1946) _cМосква _d1930 _fГ. Дж. Уэллс _nЗемля и фабрика _tПолное собрание фантастических романов _vT. 13 |
|
| 702 | 1 |
_aЗаймовский _bС.Г. _4730 |
|
| 702 | 1 |
_4080 _7ca _8rus _aСтарчаков _bА. О. _f1893-1937 _gАлександр Осипович _3RU\NLR\AUTH\770291495 _92702162 |
|
| 801 | 0 |
_aRU _bNLR _gpsbo |
|
| 801 | 1 |
_aRU _bELAR _2rusmarc |
|
| 852 |
_aNLR _j73/521 |
||
| 856 | 0 | _uhttps://vivaldi.nlr.ru/bx000024523/view | |
| 856 | 1 | _uhttps://vivaldi.nlr.ru/bx000024523/cover | |
| 856 | 2 | _uhttps://vivaldi.nlr.ru/bx000024523/text | |
| 942 | _cBOOK | ||
| 980 | _aNB | ||
| 981 | 3 | 3 |
_a(33) Художественная литература _b(33) Переводы |